Countries with the most modern slavery - Statistics

General Stats
  • This quiz has been taken 40 times
  • The average score is 7 of 10
Answer Stats
Hint Answer % Correct
Vodka Russia
89%
Communist North Korea
87%
Communist China
82%
Asia India
76%
Oceania/Asia Indonesia
68%
West Africa Nigeria
66%
Middle East Pakistan
63%
BONUS: Not within top 9 but has most slaves in Europe Belarus
53%
Central Africa DRC
45%
Spanish-American Island Nation Philippines
37%
No matching quizzes found
Score Distribution
Percent of People with Each Score
Percentile by Number Answered
Your Score History
You have not taken this quiz